| 000 | 00897nam a22002532 4500 | ||
|---|---|---|---|
| 001 | 9960 | ||
| 003 | BD-RjUL | ||
| 005 | 20211208234854.0 | ||
| 008 | 140122s1964 nyu b 001 0deng | ||
| 035 |
_aOCLC ocm00289257 from D970603M _a(BD-RjUL010006 |
||
| 040 |
_aDLC _cDLC _dEQO _dBD-RjUL _beng |
||
| 041 | _aeng | ||
| 082 |
_a342.739 _bMIB |
||
| 100 | 1 |
_aMitchell, Broadus, _d1892-1988 _930762 |
|
| 245 | 1 | 2 |
_aA biography of the Constitution of the United States : _bits origin, formation, adoption, interpretation / _c[by] Broadus Mitchell [and] Louise Pearson Mitchell. |
| 260 |
_aNew York : _bOxford University Press, _c1964. |
||
| 300 |
_axvii, 384 p. ; _c23 cm. |
||
| 504 | _aBibliography: p. [351] | ||
| 650 | 0 |
_aConstitutional history _zUnited States. _911591 |
|
| 700 | 1 |
_aMitchell, Louise Pearson, _d1906-1986. _930763 |
|
| 942 |
_2ddc _cBK |
||
| 999 |
_c9960 _d9960 |
||